00379nam a22001457a 4500003000500000005001700005008004100022020001800063040000600081082001900087100001300106245008000119260002500199300000900224CEME20210628205103.0210224b xxu||||| |||| 00| 0 eng d a0-7923-9636-7 c. a621.391 KUM'C  aKumar, S aThe codesign of embedded systems a uniform hardware software representation aBOSTONbKLUWERc1996 a274P